Central counterparties: recent trends and regulatory responses

Hlavné a najnovšie trendy a regulačné iniciatívy v centrálnom zúčtovaní, na ktoré sa odvoláva povinné zúčtovanie štandardizovaných mimoburzových derivátov.

Salvato in:
Dettagli Bibliografici
Autore principale: Országhová, Lucia, 1982-
Natura: Capitolo di libro
Lingua:inglese
Soggetti:
Tags: Aggiungi Tag
Nessun Tag, puoi essere il primo ad aggiungerne!!

MARC

LEADER 00000naa a2200000 4500
001 0240506
005 20240502073917.3
041 0 |a eng 
044 |a SK 
245 1 0 |a Central counterparties: recent trends and regulatory responses  |c Lucia Országhová 
520 |a Hlavné a najnovšie trendy a regulačné iniciatívy v centrálnom zúčtovaní, na ktoré sa odvoláva povinné zúčtovanie štandardizovaných mimoburzových derivátov. 
610 2 0 |a deriváty 
610 2 0 |a trh finančný 
610 2 0 |a zúčtovanie 
610 2 0 |a kríza finančná 
100 1 |a Országhová, Lucia, 1982-